Kaiser, Rom und Renovatio (Record no. 140014)
[ view plain ]
| 000 -LEADER | |
|---|---|
| campo de control de longitud fija | 00741nam a2200193 4500 |
| 001 - NÚMERO DE CONTROL | |
| campo de control | 140014 |
| 003 - IDENTIFICADOR DE NÚMERO DE CONTROL | |
| campo de control | ES-MaACL |
| 007 - CAMPO FIJO DE DESCRIPCIÓN FÍSICA--INFORMACIÓN GENERAL | |
| campo de control de longitud fija | t| |
| 008 - DATOS DE LONGITUD FIJA--INFORMACIÓN GENERAL | |
| campo de control de longitud fija | 070214s1929 gw r ||||1| ger d |
| 100 1# - ENTRADA PRINCIPAL--NOMBRE DE PERSONA | |
| Nombre de persona | Schramm, Percy Ernst. |
| 9 (RLIN) | 104685 |
| 245 10 - MENCIÓN DEL TÍTULO | |
| Título | Kaiser, Rom und Renovatio |
| Resto del título | : studien und texte zur geschichte des römischen erneuerungsgedankens vom ende des Karolingischen Reiches bis zum investiturstreit / |
| Mención de responsabilidad, etc. | Percy Ernst Schramm. |
| 260 ## - PUBLICACIÓN, DISTRIBUCIÓN, ETC. | |
| Lugar de publicación, distribución, etc. | Leipzig : |
| Nombre del editor, distribuidor, etc. | B. G. Teubner, |
| Fecha de publicación, distribución, etc. | 1929. |
| 300 ## - DESCRIPCIÓN FÍSICA | |
| Extensión | 2 v. ; |
| Dimensiones | 25 cm. |
| 490 1# - MENCIÓN DE SERIE | |
| Mención de serie | Studien der Bibliothek Warburg |
| 505 8# - NOTA DE CONTENIDO CON FORMATO | |
| Nota de contenido con formato | Contiene: Vol. I. Studien. Vol. II. Exkurse un texte |
| 830 0# - PUNTO DE ACCESO ADICIONAL DE SERIE-TÍTULO UNIFORME | |
| Título uniforme | Studien der Bibliothek Warburg |
| 9 (RLIN) | 220283 |
| 852 ## - LOCALIZACIÓN | |
| Ubicación | ES-MaACL |
| Número de control de estantería | B-9194-95 |
| Sublocalización o colección | R.18584 |
| Estatus retirado | Estado de pérdida | Estado de daño | No para préstamo | Biblioteca de origen | Biblioteca actual | Ubicación en estantería | Fecha de adquisición | Fuente de adquisición | Total de préstamos | Signatura topográfica completa | Código de barras | Visto por última vez | Precio de reemplazo | Tipo de ítem Koha |
|---|---|---|---|---|---|---|---|---|---|---|---|---|---|---|
| Biblioteca del Ateneo de Madrid | Biblioteca del Ateneo de Madrid | Sala Pardo Bazán | 17/01/2008 | B-9194-95 | 1145704 | 23/02/2023 | 23/02/2023 | Libro impreso |
